| 000 | 00358nam a22001457a 4500 | ||
|---|---|---|---|
| 003 | MACL | ||
| 005 | 20190717155308.0 | ||
| 008 | 190717b xxu||||| |||| 00| 0 eng d | ||
| 040 | _cMACL | ||
| 100 |
_aBeri, Kamal _975984 |
||
| 245 | _aAncient Vedic Civilization | ||
| 260 |
_aAllahabad _bSampark Prak _c2017 |
||
| 650 |
_aReligion _975985 |
||
| 942 |
_2ddc _cBK |
||
| 999 |
_c60565 _d60565 |
||